| 000 | 00387nam a22001577a 4500 | ||
|---|---|---|---|
| 005 | 20160625153257.0 | ||
| 008 | 160625b xxu||||| |||| 00| 0 eng d | ||
| 041 | _aeng | ||
| 082 | _b10235 | ||
| 100 |
_aAhuja, B.N. _92803 |
||
| 245 | _aHistory of press, press laurs and communications | ||
| 260 |
_bSurjeet _c2004 |
||
| 300 | _a239 | ||
| 650 |
_aMass Communication _92660 |
||
| 942 | _cBK | ||
| 999 |
_c4059 _d4058 |
||